[Event "Mallorca-chT Preferente"]
[Site "Mallorca"]
[Date "2021.03.20"]
[Round "3"]
[White "Segui Patino, Javier"]
[Black "Floryk, Valerio"]
[Result "1-0"]
[WhiteElo "1992"]
[BlackElo "1528"]
[PlyCount "89"]
[EventDate "2021.03.06"]
[EventType "team-swiss"]
[EventRounds "7"]
[EventCountry "ESP"]
[SourceTitle "EXT 2023"]
[Source "ChessBase"]
[SourceDate "2022.10.05"]
[SourceVersion "1"]
[SourceVersionDate "2022.10.05"]
[SourceQuality "1"]
[WhiteTeam "Sa Dragonera"]
[BlackTeam "Alcudia"]
[WhiteTeamCountry "ESP"]
[BlackTeamCountry "ESP"]

1. e4 d6 2. d4 c6 3. Nc3 h6 4. f4 g6 5. Nf3 Bg7 6. Be3 a6 7. Qd2 Nd7 8. Bd3 Qc7 9. 0-0 b5 10. e5 d5 11. e6 Ndf6 12. exf7+ Kxf7 13. Ne5+ Ke8 14. Bxg6+ Kf8 15. Nf7 Rh7 16. Bxh7 Nxh7 17. Ne5 Bf5 18. Ne2 Nhf6 19. Ng3 Ne4 20. Nxe4 Bxe4 21. f5 Bxe5 22. dxe5 Qxe5 23. Bxh6+ Nxh6 24. Qxh6+ Qg7 25. Qxg7+ Kxg7 26. c3 Rf8 27. g4 Kf6 28. Kf2 Kg5 29. Kg3 Rh8 30. Rf2 a5 31. Re1 Rh6 32. h3 e5 33. fxe6 Rxe6 34. h4+ Kg6 35. g5 Re5 36. Rf6+ Kg7 37. Kf4 Re7 38. Rxc6 Rf7+ 39. Rf6 Re7 40. h5 Rc7 41. Ke5 Rc4 42. Ref1 b4 43. Rf7+ Kg8 44. Rf8+ Kg7 45. R1f7# 1-0